000 01900nam0a2200373 4500
001 RU\NLR\BIBL_A\011781066
005 20210218122043.0
010 _a978-5-386-10884-7
021 _aRU
_bКН-П-18-055727
_9КН-П-18-4020
035 _a(NLR Aleph) 011781066
035 _a(RuMoRGB)009702361
090 _a11776980
_c11776980
100 _a20180903d2018 k y0rusy50 ca
101 0 _arus
102 _aRU
105 _ay zzzz0|||1zd
200 1 _aПуть ученика
_eвведение в буддизм
_fЕвгений Торчинов
210 _aСанкт-Петербург
_cПальмира ;
_d2018
_aМосква
_cРИПОЛ классик
215 _a429, [1] с.
_d21
300 _aНа 4-й с. обл. авт.: д. филос. н. Е. А. Торчинов, ученый-религиовед, буддолог, синолог, историк философии и культуры Китая, переводчик
320 _aБиблиогр. в конце лекций и в подстроч. примеч.
606 1 _aБуддизм
_xИстория
_2nlr_sh1
_2nlr_sh2
_3RU\NLR\AUTH\661371822
686 2 _aЭ35-3
700 1 _aТорчинов
_bЕ. А.
_f1956-2003
_gЕвгений Алексеевич
856 4 _lVNP_ZSOCEC
_tVIEW
_uhttps://webservices.nlr.ru/viewer/file?name=a011781066_002.txt
_yАннотация
856 4 _lVNP_ZSOCEC
_tVIEW
_uhttps://webservices.nlr.ru/viewer/file?name=p011781066_003.jpg
_x001
_yСтраница
856 4 _lVNP_ZSOCEC
_tVIEW
_uhttps://webservices.nlr.ru/viewer/file?name=p011781066_004.jpg
_x002
_yСтраница
856 4 1 _lVNP_ZSOCEC
_tVIEW
_uhttps://webservices.nlr.ru/viewer/file?name=t011781066_001.jpg
_yОбложка
942 _cBOOK
980 _aNBR
980 _aNB